| 000 | 00000nas 2200000za 4500 |
| 001 | 9.500519 |
| 003 | CaOODSP |
| 005 | 20231123084320 |
| 007 | cr ||||||||||| |
| 008 | 150406d20082010oncau p o||||f0 |0eng|d |
| 040 | |aCaOODSP|beng |
| 041 | |aeng|afre|aspa |
| 043 | |an-cn---|an-mx--- |
| 086 | 1 |aFR2-11-PDF |
| 110 | 1 |aCanada. |bForeign Affairs and International Trade Canada. |
| 245 | 10|aCanada-Mexico Partnership, annual report |h[electronic resource] = |bPartenariat Canada-Mexique, rapport annuel = Alianza México-Canada informe anual |
| 246 | 11|aPartenariat Canada-Mexique, rapport annuel |
| 246 | 11|aAlianza México-Canada, informe anual |
| 246 | 31|aAlianza México-Canada, reporte anual |
| 260 | |a[Ottawa] : |bco-published by the Govt. of Mexico and the Govt. of Canada,|c2008-2010. |
| 310 | |aAnnual |
| 362 | 0 |a[2007-2008]-2009/2010. |
| 546 | |aText in English, French and Spanish. |
| 710 | 2 |aCanada-Mexico Partnership. |
| 792 | |tCanada-Mexico Partnership, annual report |efre|w(CaOODSP)9.500520 |